| 000 | 00593nam a2200253Ia 4500 | ||
|---|---|---|---|
| 008 | 210210b2007 xxu||||| |||| 00| 0 eng d | ||
| 020 | _a1741145007 | ||
| 041 | _aeng | ||
| 082 | _a327.73 CHOH | ||
| 100 | _aCHOMSKY (Noam) | ||
| 245 | _aHegemony or survival: Americas quest for global dominance | ||
| 260 |
_aAustralia _b- _c2007 |
||
| 300 | _a300 | ||
| 650 | _asurvival: | ||
| 650 | _aquest | ||
| 650 | _aor | ||
| 650 | _aHegemony | ||
| 650 | _aglobal | ||
| 650 | _afor | ||
| 650 | _adominance | ||
| 650 | _aAmericas | ||
| 690 | _aInternational Relations | ||
| 906 | _a064439 | ||
| 999 |
_c140622 _d140622 |
||